| 000 | 00930nam a22002777a 4500 | ||
|---|---|---|---|
| 005 | 20231229153156.0 | ||
| 010 | _aENG-136633 ,ENG-138805 | ||
| 020 |
_c1000.00 _a9788183150736 |
||
| 020 |
_c1800.00 _a9788183150736 |
||
| 020 | _a818315073 | ||
| 035 | _aEN-120165 | ||
| 035 | _aEN-122337 | ||
| 037 | _bDBAD/PUB | ||
| 082 |
_a294.5925 _2Fourth |
||
| 100 |
_aDutt, M.N _960450 |
||
| 245 | 0 | 0 |
_aThe Garuda Mahapuranam : _bVol.II/ _cBy M.N Dutt Edit By S.Jain |
| 250 | _aFourth | ||
| 260 |
_aNew Delhi _bNew Bhartiya Book Corporation _c2016 |
||
| 270 |
_a208, IInd Floor, Prakash Deep Building, 4735/22, Ansari Road Darya Ganj _bNew Delhi _e110002 _mdeepak.nbbc@yahoo.in _k011-23280209 _k011-23280214 |
||
| 300 |
_axxx,602.; _c25cm(hbk) |
||
| 300 | _a1086p. | ||
| 490 | _aText With English Translation & Notes | ||
| 500 | _aIncludes index | ||
| 700 |
_aJain, S. _960451 |
||
| 942 |
_2ddc _cEN _mDUT _h294.5925 |
||
| 999 |
_c195606 _d195606 |
||